00548nam a2200169Ia 4500008004100000020001800041041000800059082001700067100002500084245003500109250000600144260004400150300001100194650002300205999001900228952013100247210716s2012 xx 000 0 und d a9789381269473 aeng a005.453 PRAN aPrasad K S, Nandini. aPrinciples of compiler design. a2 aNew DelhibElsevier India Pvt Ltdc2012 axi,389 aCompilers(005.453) c193770d193770 001040708MCAaAIMITbAIMITeKnowledge Worldg365.00l0o005.453 PRANpMCA13278r2025-07-21 00:00:00v273.75w2021-07-16yBK